000 00640nam a2200205Ia 4500
008 240729s9999 xx 000 0 und d
022 _a2090-312X
245 0 _aProstate Cancer
260 _aUnited Kingdom
260 _bHindawi Limited
650 _a Diseases of the genitourinary system. Urology | Medicine
650 _a Internal medicine
650 _a Internal medicine
650 _a Neoplasms. Tumors. Oncology. Including cancer and carcinogens
650 _a Specialties of internal medicine
650 _aMedicine
856 _uhttps://doaj.org/toc/927e000751c1442dbbdba4291dbab510
942 _2ddc
942 _cDOAJEJ
999 _c71506
_d71506
945 _a1
_bMadushi Gamage
_c1
_dMadushi Gamage